000 00302nam a2200109Ia 4500
008 190216s9999||||xx |||||||||||||| ||und||
100 _aAnand J & Sarna D
245 0 _aObjective Type Physics For All Competative And Academic Exams
260 _bBright Careers
650 _aReferences
942 _cREF
999 _c35538
_d35538